Analýza trhu práce SR z hľadiska integrovaného prístupu k stratégii flexiistoty s osobitným dôrazom na problematiku celoživotného vzdelávania

Teoreticko-metodologické východiská celoživotného vzdelávania vo väzbe na stratégiu flexiistoty. Celoživotné vzdelávanie v SR. Ďalšie vzdelávanie ako súčasť celoživotného vzdelávania. Uplatňovanie konceptu flexiistoty v podmienkach Európskej únie. Príklady inovatívnych prístupov k flexiistote v podm...

Full description

Saved in:
Bibliographic Details
Main Author: Dudová, Iveta
Format: Book Chapter
Language:Slovak
Subjects:
Tags: Add Tag
No Tags, Be the first to tag this record!

MARC

LEADER 00000nla$a2200000$$$4500
001 0091777
005 20240502072026.6
041 0 |a slo 
044 |a SK 
245 1 0 |a Analýza trhu práce SR z hľadiska integrovaného prístupu k stratégii flexiistoty s osobitným dôrazom na problematiku celoživotného vzdelávania  |c Iveta Dudová 
520 |a Teoreticko-metodologické východiská celoživotného vzdelávania vo väzbe na stratégiu flexiistoty. Celoživotné vzdelávanie v SR. Ďalšie vzdelávanie ako súčasť celoživotného vzdelávania. Uplatňovanie konceptu flexiistoty v podmienkach Európskej únie. Príklady inovatívnych prístupov k flexiistote v podmienkach EÚ s dôrazom na vzdelávanie a výchovu - príklady dobrej praxe. Možnosti využitia európskych skúseností v podmienkach Slovenska. 
610 2 0 |a vzdelávanie celoživotné 
610 2 0 |a vzdelávanie ďalšie 
610 2 0 |a školy stredné 
610 2 0 |a školy vysoké 
610 2 0 |a trh práce 
610 2 0 |a zamestnanosť 
610 2 0 |a zamestnanie 
610 2 0 |a kvalifikácia 
610 2 0 |a legislatíva 
610 2 0 |a Slovensko 
610 2 0 |a Európska únia 
100 1 |a Dudová, Iveta